Normal view
MARC view
Entry Topical Term
001 - CONTROL NUMBER
- control field: 43432
003 - CONTROL NUMBER IDENTIFIER
- control field: dpl
005 - DATE AND TIME OF LATEST TRANSACTION
- control field: 20120305124052.0
008 - FIXED-LENGTH DATA ELEMENTS
- fixed length control field: 120305|||a|||||| | ||| d
040 ## - CATALOGING SOURCE
- Original cataloging agency: dpl
- Transcribing agency: dpl
150 ## - HEADING--TOPICAL TERM
- Topical term or geographic name as entry element: Architecture, Vijayanagara
- Geographic subdivision: India
- Geographic subdivision: Hampi.
670 ## - SOURCE DATA FOUND
- Source citation: Work cat.: (dpl): Sen Gupta, Subhadra 43382, Hampi :, 2011
670 ## - SOURCE DATA FOUND
- Source citation: Work cat.: (dpl): Sen Gupta, Subhadra 43382, Hampi :, 2011
